| 000 | 00671nam a22001697a 4500 | ||
|---|---|---|---|
| 003 | SGT | ||
| 020 | _a9788122430981 | ||
| 082 | _a621.38153,CHO | ||
| 100 | _aCHOUDHURY,ROY | ||
| 245 | _aLINEAR INTEGRATED CIRCUITS | ||
| 250 | _a4TH | ||
| 260 |
_aNEW DELHI _bNEW AGE INTERNATIONAL PUBLISHERS _c2015 |
||
| 300 | _a384 | ||
| 650 | _aELECTRONICS,PHYSICS | ||
| 653 | _a• INTEGRATED CIRCUIT FABRICATION • OPERATIONAL AMPLIFIER • OPERATIONAL AMPLIFIER CHARACTERISTICS • OPERATIONAL AMPLIFIER APPLICATIONS • COMPARATORS AND WAVEFORM GENERATORS • VOLTAGE REGULATOR • ACTIVE FILTERS • 555 TIMER • PHASE-LOCKED LOOPS • D-A AND A-D CONVERTER | ||
| 942 |
_2ddc _cFPS |
||
| 999 |
_c9882 _d9882 |
||